ASCII Characters Quiz - Statistics

General Stats
  • This quiz has been taken 260 times
  • The average score is 77 of 128
Answer Stats
Dec Hex Answer Print % Correct
97 61 Lowercase a a
98%
65 41 Uppercase A A
98%
104 68 Lowercase h h
97%
72 48 Uppercase H H
97%
98 62 Lowercase b b
96%
99 63 Lowercase c c
96%
101 65 Lowercase e e
96%
102 66 Lowercase f f
96%
103 67 Lowercase g g
96%
106 6a Lowercase j j
96%
108 6c Lowercase l l
96%
111 6f Lowercase o o
96%
117 75 Lowercase u u
96%
66 42 Uppercase B B
96%
67 43 Uppercase C C
96%
69 45 Uppercase E E
96%
70 46 Uppercase F F
96%
71 47 Uppercase G G
96%
74 4a Uppercase J J
96%
76 4c Uppercase L L
96%
79 4f Uppercase O O
96%
85 55 Uppercase U U
96%
100 64 Lowercase d d
95%
105 69 Lowercase i i
95%
109 6d Lowercase m m
95%
110 6e Lowercase n n
95%
115 73 Lowercase s s
95%
116 74 Lowercase t t
95%
121 79 Lowercase y y
95%
68 44 Uppercase D D
95%
73 49 Uppercase I I
95%
77 4d Uppercase M M
95%
78 4e Uppercase N N
95%
83 53 Uppercase S S
95%
84 54 Uppercase T T
95%
89 59 Uppercase Y Y
95%
107 6b Lowercase k k
94%
112 70 Lowercase p p
94%
113 71 Lowercase q q
94%
114 72 Lowercase r r
94%
118 76 Lowercase v v
94%
119 77 Lowercase w w
94%
120 78 Lowercase x x
94%
122 7a Lowercase z z
94%
75 4b Uppercase K K
94%
80 50 Uppercase P P
94%
81 51 Uppercase Q Q
94%
82 52 Uppercase R R
94%
86 56 Uppercase V V
94%
87 57 Uppercase W W
94%
88 58 Uppercase X X
94%
90 5a Uppercase Z Z
94%
56 38 Eight 8
92%
49 31 One 1
92%
54 36 Six 6
92%
53 35 Five 5
91%
52 34 Four 4
91%
57 39 Nine 9
91%
55 37 Seven 7
91%
51 33 Three 3
91%
50 32 Two 2
91%
48 30 Zero 0
86%
6 06 Acknowledgement Not Printed
55%
45 2d Hyphen-Minus -
52%
43 2b Plus Sign +
52%
35 23 Pound Sign #
51%
38 26 Ampersand &
50%
93 5d Back-Bracket ]
49%
33 21 Exclamation Mark !
49%
91 5b Fore-Bracket [
49%
42 2a Asterisk *
48%
64 40 At Sign @
48%
44 2c Comma ,
48%
36 24 Dollar Sign $
48%
61 3d Equals Sign =
48%
63 3f Question Mark ?
48%
47 2f Slash /
48%
46 2e Full Stop / Period .
47%
37 25 Percent Sign %
47%
34 22 Quotation Marks "
47%
59 3b Semicolon ;
47%
58 3a Colon :
46%
32 20 Space Whitespace
46%
92 5c Backslash \
45%
125 7d Back-Brace }
41%
123 7b Fore-Brace {
41%
41 29 Back-parenthesis )
40%
40 28 Fore-parenthesis (
40%
95 5f Underscore _
39%
126 7e Tilde ~
38%
62 3e Greater-Than Sign >
36%
60 3c Less-Than Sign <
36%
39 27 Apostrophe '
35%
0 00 Null Not Printed
33%
127 7f Delete Not Printed
32%
124 7c Vertical Bar |
31%
13 0d Carriage Return Whitespace
29%
96 60 Grave Accent `
28%
94 5e Caret ^
26%
8 08 Backspace Not Printed
24%
10 0a Line Feed Whitespace
21%
15 0f Shift In Not Printed
21%
7 07 Bell Not Printed
20%
27 1b Escape Not Printed
16%
25 19 End of Medium / Em Space Not Printed
13%
9 09 Horizontal Tab Whitespace
12%
14 0e Shift Out Not Printed
12%
11 0b Vertical Tab Whitespace
11%
12 0c Form Feed Whitespace
9%
3 03 End of Text Not Printed
8%
2 02 Start of Text Not Printed
8%
1 01 Start of Heading Not Printed
7%
4 04 End of Transmission Not Printed
6%
30 1e Record Separator Not Printed
6%
24 18 Cancel Not Printed
5%
5 05 Enquiry Not Printed
5%
28 1c File Separator Not Printed
5%
21 15 Negative Acknowledgement Not Printed
5%
26 1a Substitute Not Printed
5%
22 16 Synchronous Idle Not Printed
5%
16 10 Data Link Escape Not Printed
4%
17 11 Device Control 1 Not Printed
4%
18 12 Device Control 2 Not Printed
4%
19 13 Device Control 3 Not Printed
4%
20 14 Device Control 4 Not Printed
4%
23 17 End of Transmission Block Not Printed
4%
31 1f Unit Separator Not Printed
4%
29 1d Group Separator Not Printed
3%
No matching quizzes found
Score Distribution
Percent of People with Each Score
Percentile by Number Answered
Your Score History
You have not taken this quiz